[Event "BL 1112 Hansa Dortmund - SF Katernberg"]
[Site "?"]
[Date "2012.02.25"]
[Round "10.8"]
[White "Bluebaum, Matthias"]
[Black "Scholz, Christian"]
[Result "0-1"]
[WhiteElo "2388"]
[BlackElo "2387"]
[PlyCount "100"]
[EventDate "2012.??.??"]

1. d4 Nf6 2. c4 g6 3. Nc3 Bg7 4. e4 d6 5. Nf3 O-O 6. Be2 e5 7. Be3 Na6 8. O-O
h6 9. h3 exd4 10. Nxd4 Re8 11. Bf3 Nc5 12. Qc2 Nh7 13. b4 Na6 14. a3 Ng5 15.
Be2 c5 16. bxc5 Nxc5 17. f3 f5 18. Rad1 fxe4 19. f4 Nxh3+ 20. Kh2 a6 21. Kg3
Nxf4 22. Bxf4 Be5 23. Nd5 Qg5+ 24. Kh2 Nd3 25. Bxe5 Qxe5+ 26. g3 Qxd4 27. Nf6+
Kh8 28. Nxe8 Bf5 29. Bxd3 exd3 30. Rfe1 dxc2 31. Rxd4 c1=Q 32. Rxc1 Rxe8 33.
Rxd6 Re2+ 34. Kg1 Kg7 35. Kf1 Re3 36. Re1 Bd3+ 37. Kf2 Rxe1 38. Kxe1 Bxc4 39.
Rd7+ Kf6 40. Rxb7 Kg5 41. Kf2 Bb5 42. Rb6 h5 43. Rd6 Kf5 44. Rd5+ Ke4 45. Rg5
Be8 46. Kg2 Bf7 47. Kh3 Be6+ 48. Kg2 Bf5 49. Kf2 a5 50. a4 Kd4 0-1

[Event "BL 1112 SV Hockenheim - Hamburger SK"]
[Site "?"]
[Date "2012.02.25"]
[Round "10.3"]
[White "Hansen, Sune Berg"]
[Black "Baramidze, David"]
[Result "0-1"]
[WhiteElo "2566"]
[BlackElo "2591"]
[PlyCount "94"]
[EventDate "2012.??.??"]

1. d4 d5 2. c4 e6 3. Nc3 Be7 4. Nf3 Nf6 5. Bg5 h6 6. Bxf6 Bxf6 7. e3 c6 8. Rc1
Nd7 9. Bd3 O-O 10. O-O a6 11. Qc2 b5 12. cxd5 cxd5 13. a4 b4 14. Ne2 Rb8 15.
Nf4 Be7 16. Qe2 Qa5 17. Bb1 Qxa4 18. Qd3 Nf6 19. Ne5 Bd7 20. Nh5 Rfd8 21. Nxf7
Nxh5 22. Nxh6+ Kf8 23. Qh7 Bf6 24. Ng4 Be8 25. Rc7 Rd7 26. b3 Qb5 27. Rxd7 Qxd7
28. Ne5 Bxe5 29. dxe5 Qf7 30. g4 Rc8 31. f4 Qg8 32. Qxg8+ Kxg8 33. f5 Bb5 34.
Re1 Rc3 35. gxh5 exf5 36. Bxf5 Rxb3 37. Be6+ Kf8 38. Bxd5 Rc3 39. Kf2 a5 40. h6
gxh6 41. Rg1 a4 42. Rg8+ Ke7 43. Rg7+ Kd8 44. e6 b3 45. Rb7 Bc6 46. Rb8+ Ke7
47. e4 Rc5 0-1

[Event "BL 1112 SV Hockenheim - Hamburger SK"]
[Site "?"]
[Date "2012.02.25"]
[Round "10.5"]
[White "Ftacnik, Lubomir Dr"]
[Black "Ribli, Zoltan"]
[Result "1/2-1/2"]
[WhiteElo "2570"]
[BlackElo "2588"]
[PlyCount "43"]
[EventDate "2012.??.??"]

1. c4 e6 2. Nf3 Nf6 3. g3 d5 4. Bg2 dxc4 5. Qa4+ Nbd7 6. Qxc4 c5 7. Qb3 Bd6 8.
O-O O-O 9. a4 e5 10. Nc3 Nb8 11. d3 h6 12. Nb5 Be6 13. Qc2 Nc6 14. Be3 Nd4 15.
Nfxd4 cxd4 16. Bd2 Nd5 17. Nxd6 Qxd6 18. Rfc1 Rac8 19. Qd1 b6 20. a5 b5 21.
Rxc8 Rxc8 22. Rc1 1/2-1/2

[Event "BL 1112 SV Hockenheim - Hamburger SK"]
[Site "?"]
[Date "2012.02.25"]
[Round "10.6"]
[White "Paehtz, Elisabeth"]
[Black "Heinemann, Thies"]
[Result "1-0"]
[WhiteElo "2461"]
[BlackElo "2469"]
[PlyCount "83"]
[EventDate "2012.??.??"]

1. e4 c5 2. Nf3 d6 3. Bb5+ Nd7 4. O-O Ngf6 5. Re1 a6 6. Bf1 b6 7. c3 Bb7 8. d3
c4 9. d4 Bxe4 10. Bxc4 d5 11. Bf1 e6 12. Bf4 Be7 13. Nbd2 Bxf3 14. Qxf3 O-O 15.
a4 Nb8 16. Bd3 Nc6 17. Qh3 Bd6 18. Bg5 g6 19. Re3 Re8 20. Rae1 Nb8 21. Nf3 Bf8
22. Ne5 h6 23. Bxh6 Nbd7 24. Bg5 Bg7 25. Qh4 Qc7 26. Rh3 Kf8 27. Rf3 Kg8 28.
Rxf6 Nxf6 29. Bxf6 Bxf6 30. Qxf6 Rf8 31. Ng4 Qd8 32. Qe5 f6 33. Qxe6+ Kg7 34.
Ne3 f5 35. Nxd5 Qg5 36. Qe5+ Kg8 37. Ne7+ Kh7 38. Re3 Qf6 39. Qf4 Rfe8 40. Nd5
Qf7 41. Bc4 Rxe3 42. Nxe3 1-0

[Event "BL 1112 SV Hockenheim - Hamburger SK"]
[Site "?"]
[Date "2012.02.25"]
[Round "10.8"]
[White "Rau, Hannes"]
[Black "Sebastian, Dirk"]
[Result "1/2-1/2"]
[WhiteElo "2464"]
[BlackElo "2446"]
[PlyCount "85"]
[EventDate "2012.??.??"]

1. d4 d6 2. Nf3 g6 3. c4 Bg7 4. Nc3 e5 5. dxe5 dxe5 6. Qxd8+ Kxd8 7. Be3 Be6 8.
Rd1+ Nd7 9. Ne4 Ke8 10. b3 h6 11. g3 Ngf6 12. Nxf6+ Bxf6 13. Bg2 c6 14. Nd2 Be7
15. Ne4 Bb4+ 16. Bd2 Bxd2+ 17. Rxd2 Ke7 18. O-O Rhd8 19. Rfd1 a5 20. f4 exf4
21. gxf4 f5 22. Nf2 Nc5 23. Nd3 Nxd3 24. Rxd3 a4 25. Rxd8 Rxd8 26. Rxd8 Kxd8
27. Kf2 b5 28. bxa4 b4 29. Bxc6 Bxc4 30. Ke3 Bxa2 31. Kd4 Bf7 32. h4 Kc7 33.
Bb5 Kb6 34. Kd3 Ka5 35. Kc2 Kb6 36. e3 Ka5 37. Bd7 Kb6 38. Kd3 Ka5 39. Kc2 Kb6
40. Kb2 Ka5 41. Bc6 Kb6 42. Bb5 Ka5 43. Bc6 1/2-1/2

[Event "BL 1112 SC Eppingen - Schachfr. Berlin"]
[Site "?"]
[Date "2012.02.25"]
[Round "10.2"]
[White "Bologan, Victor"]
[Black "Antoniewski, Rafal"]
[Result "1/2-1/2"]
[WhiteElo "2657"]
[BlackElo "2585"]
[PlyCount "117"]
[EventDate "2012.??.??"]

1. e4 c6 2. d4 d5 3. e5 Bf5 4. Nf3 e6 5. Be2 Ne7 6. O-O c5 7. c4 Nbc6 8. Na3
dxc4 9. Nxc4 Nd5 10. Bg5 Qd7 11. Rc1 h6 12. Be3 b5 13. Na3 a6 14. dxc5 Be7 15.
Nc2 Nxe3 16. Nxe3 Be4 17. a4 Qb7 18. axb5 axb5 19. Nd2 Bg6 20. Nb3 Rd8 21. Qe1
Nxe5 22. Qc3 Bf6 23. c6 Qc7 24. Qa5 Qxa5 25. Nxa5 Bd3 26. Rfe1 Bxe2 27. Rxe2
Nd3 28. Rcc2 O-O 29. Red2 Nb4 30. Rxd8 Rxd8 31. Rc5 Rc8 32. Rxb5 Nxc6 33. Rc5
Na7 34. Rxc8+ Nxc8 35. b4 Kf8 36. b5 Bd4 37. Nec4 Ke8 38. Nc6 Bc5 39. Kf1 f6
40. Ke2 h5 41. f3 Kd7 42. Kd3 Bg1 43. h3 h4 44. Ke4 g6 45. Kd3 Bb6 46. Kc3 Bf2
47. Kb3 Nd6 48. Nxd6 Kxd6 49. Kc4 Bb6 50. Kd3 g5 51. Kc4 f5 52. Nb4 Ke5 53.
Nd3+ Kd6 54. Nb2 Bf2 55. Kb4 Be1+ 56. Kc4 Bf2 57. Nd3 Bb6 58. Nb4 Ke5 59. Nd3+
1/2-1/2

[Event "BL 1112 SC Eppingen - Schachfr. Berlin"]
[Site "?"]
[Date "2012.02.25"]
[Round "10.3"]
[White "Michalik, Peter"]
[Black "Balogh, Csaba"]
[Result "1/2-1/2"]
[WhiteElo "2511"]
[BlackElo "2662"]
[PlyCount "65"]
[EventDate "2012.??.??"]

1. d4 d5 2. c4 c6 3. Nf3 Nf6 4. Nc3 dxc4 5. a4 e6 6. e3 c5 7. Bxc4 cxd4 8. exd4
Nc6 9. O-O Be7 10. d5 exd5 11. Nxd5 Nxd5 12. Qxd5 Be6 13. Qxd8+ Rxd8 14. Bxe6
fxe6 15. Re1 Kf7 16. Bf4 Rd5 17. Re4 Rhd8 18. g3 h6 19. Rae1 Bf6 20. Ne5+ Nxe5
21. Bxe5 Bxe5 22. Rxe5 R8d6 23. b3 Kf6 24. R5e3 Rd3 25. Kg2 Rxe3 26. Rxe3 Rd2
27. Rf3+ Ke7 28. Rf4 Rb2 29. Rb4 b6 30. a5 bxa5 31. Rb7+ Kf6 32. Rxa7 Rxb3 33.
Rxa5 1/2-1/2

[Event "BL 1112 SC Eppingen - Schachfr. Berlin"]
[Site "?"]
[Date "2012.02.25"]
[Round "10.4"]
[White "Postny, Evgeny"]
[Black "Lauber, Arnd"]
[Result "1/2-1/2"]
[WhiteElo "2622"]
[BlackElo "2464"]
[PlyCount "156"]
[EventDate "2012.??.??"]

1. d4 Nf6 2. c4 e6 3. Nf3 b6 4. g3 Ba6 5. b3 d5 6. cxd5 exd5 7. Bg2 Bd6 8. Nc3
O-O 9. O-O Re8 10. Re1 Bb7 11. Bg5 h6 12. Bxf6 Qxf6 13. Nb5 Nd7 14. Rc1 c6 15.
Nxd6 Qxd6 16. Qc2 Qa3 17. Nh4 Nf6 18. Nf5 Bc8 19. Bh3 Be6 20. f3 a5 21. e4 dxe4
22. fxe4 a4 23. bxa4 Qxa4 24. Qxa4 Rxa4 25. Rxc6 Bxf5 26. Bxf5 Rxd4 27. e5 Nd7
28. e6 fxe6 29. Bg6 Ra8 30. Rcxe6 Nf8 31. Re8 Rxe8 32. Bxe8 Rd2 33. Bb5 Kh7 34.
Re8 Ng6 35. Bc4 h5 36. h4 Rd6 37. Kf2 Rf6+ 38. Ke3 Nf8 39. Re7 Kh6 40. Rf7 Rc6
41. Bb5 Re6+ 42. Kd4 Nh7 43. Bd3 Rd6+ 44. Kc4 Nf6 45. Rb7 Nd7 46. Bf5 Ne5+ 47.
Kc3 g6 48. Be4 Nd7 49. Rc7 Nc5 50. Bc2 Rf6 51. Kb2 Rf3 52. Rc6 Nd3+ 53. Bxd3
Rxd3 54. Rc3 Rd4 55. Kb3 Rg4 56. a4 Kg7 57. Rf3 g5 58. hxg5 Kg6 59. Ka3 Rxg5
60. Kb4 Kg7 61. Kc4 Ra5 62. Kb4 Rg5 63. Rc3 Kf6 64. Rc6+ Kf5 65. Rxb6 Rxg3 66.
a5 Rg1 67. Rb5+ Kg4 68. a6 Rb1+ 69. Ka5 Ra1+ 70. Kb6 h4 71. Ra5 Rb1+ 72. Kc7
Rf1 73. a7 Rf8 74. a8=R Rxa8 75. Rxa8 h3 76. Rg8+ Kf3 77. Rh8 Kg2 78. Rxh3 Kxh3
1/2-1/2

[Event "BL 1112 SC Eppingen - Schachfr. Berlin"]
[Site "?"]
[Date "2012.02.25"]
[Round "10.6"]
[White "Ruck, Robert"]
[Black "Polzin, Rainer"]
[Result "1/2-1/2"]
[WhiteElo "2579"]
[BlackElo "2469"]
[PlyCount "62"]
[EventDate "2012.??.??"]

1. Nf3 Nf6 2. c4 g6 3. d4 Bg7 4. g3 c5 5. Bg2 cxd4 6. Nxd4 O-O 7. O-O d5 8. Na3
Nc6 9. cxd5 Nxd5 10. Nxc6 bxc6 11. Qa4 Qb6 12. Rb1 Qa6 13. Qxa6 Bxa6 14. Re1
Rab8 15. Kf1 Rfd8 16. Bf3 c5 17. Rd1 e6 18. Bg5 Re8 19. Rd2 h6 20. Be3 Nxe3+
21. fxe3 c4 22. Rd6 Rb6 23. Rxb6 axb6 24. Bc6 Rd8 25. Bb5 Bxb5 26. Nxb5 Rd5 27.
a4 h5 28. b3 cxb3 29. Rxb3 Bf8 30. Nc3 Rc5 31. Ne4 Rc6 1/2-1/2

[Event "BL 1112 SC Eppingen - Schachfr. Berlin"]
[Site "?"]
[Date "2012.02.25"]
[Round "10.7"]
[White "Thiede, Lars"]
[Black "Guliyev, Namig"]
[Result "1/2-1/2"]
[WhiteElo "2458"]
[BlackElo "2554"]
[PlyCount "117"]
[EventDate "2012.??.??"]

1. c4 e5 2. g3 Nf6 3. Bg2 Nc6 4. Nf3 Bc5 5. O-O d6 6. Nc3 O-O 7. a3 a6 8. b4
Ba7 9. d3 h6 10. Bb2 Re8 11. e3 Be6 12. Rc1 Qd7 13. Re1 Rad8 14. Qb3 Ne7 15. d4
exd4 16. exd4 Bh3 17. Nb1 Ng6 18. Bxh3 Qxh3 19. Nbd2 Qf5 20. Rxe8+ Rxe8 21. Qc2
Qxc2 22. Rxc2 d5 23. c5 c6 24. Nb3 Bb8 25. Na5 Re7 26. Kf1 Kf8 27. Re2 Ne4 28.
Ne1 Rd7 29. Bc1 Ne7 30. f3 Nc3 31. Re3 Nb5 32. Nc2 Nf5 33. Rd3 f6 34. a4 Na7
35. Rb3 Kf7 36. Bb2 g5 37. Na3 h5 38. b5 axb5 39. axb5 cxb5 40. Nxb5 Nc6 41.
Nxc6 bxc6 42. Na3 Bc7 43. Nc2 h4 44. g4 Ne7 45. h3 Bf4 46. Rb6 Ra7 47. Nb4 Bc7
48. Ra6 Rxa6 49. Nxa6 Ba5 50. Ke2 f5 51. Bc1 Kf6 52. Nb8 Bc7 53. Nd7+ Ke6 54.
Nf8+ Kf7 55. Nh7 f4 56. Nxg5+ Kf6 57. Nh7+ Kg7 58. Ng5 Kf6 59. Nh7+ 1/2-1/2

[Event "BL 1112 SG Turm Trier - USV TU Dresden"]
[Site "?"]
[Date "2012.02.25"]
[Round "10.1"]
[White "Maiwald, Jens-Uwe"]
[Black "Lupulescu, Constantin"]
[Result "1/2-1/2"]
[WhiteElo "2459"]
[BlackElo "2655"]
[PlyCount "49"]
[EventDate "2012.??.??"]

1. d4 Nf6 2. Nf3 e6 3. c4 c5 4. d5 d6 5. Nc3 exd5 6. cxd5 g6 7. Bg5 Bg7 8. Nd2
h6 9. Bh4 a6 10. a4 g5 11. Bg3 Nh5 12. Nc4 Nxg3 13. hxg3 O-O 14. e3 Qe7 15. Qc2
Nd7 16. Be2 Ne5 17. Nb6 Rb8 18. a5 f5 19. Ra4 Bd7 20. Nxd7 Qxd7 21. f4 Ng6 22.
Nd1 gxf4 23. gxf4 Qf7 24. Bh5 Qf6 25. Qd3 1/2-1/2

[Event "BL 1112 SG Turm Trier - USV TU Dresden"]
[Site "?"]
[Date "2012.02.25"]
[Round "10.2"]
[White "Bobras, Piotr"]
[Black "Gauglitz, Gernot"]
[Result "1-0"]
[WhiteElo "2544"]
[BlackElo "2406"]
[PlyCount "48"]
[EventDate "2012.??.??"]

1. e4 c5 2. Nf3 Nc6 3. d4 cxd4 4. Nxd4 Nf6 5. Nc3 e5 6. Ndb5 d6 7. Bg5 a6 8.
Na3 b5 9. Bxf6 gxf6 10. Nd5 Bg7 11. Bd3 Ne7 12. Nxe7 Qxe7 13. O-O f5 14. c4 O-O
15. Qf3 Rb8 16. exf5 bxc4 17. Nxc4 Bb7 18. Be4 d5 19. Bxd5 e4 20. f6 Bxf6 21.
Qg4+ Bg7 22. Rad1 Kh8 23. b3 f5 24. Qf4 Bc8 1-0

[Event "BL 1112 SG Turm Trier - USV TU Dresden"]
[Site "?"]
[Date "2012.02.25"]
[Round "10.3"]
[White "Loxine, Jakow"]
[Black "Cyborowski, Lukasz"]
[Result "1-0"]
[WhiteElo "2399"]
[BlackElo "2543"]
[PlyCount "107"]
[EventDate "2012.??.??"]

1. e4 c5 2. Nf3 e6 3. d3 Nc6 4. g3 g6 5. Bg2 Bg7 6. O-O Nge7 7. c3 e5 8. a3 d6
9. b4 O-O 10. Nbd2 b6 11. Bb2 Be6 12. b5 Na5 13. c4 h6 14. Ne1 Qc7 15. f4 Rae8
16. Nc2 f5 17. Ne3 Rf7 18. exf5 gxf5 19. Qc2 Ng6 20. Nd5 Qd8 21. Rae1 Kh7 22.
Bc3 Qd7 23. Qb2 Rff8 24. fxe5 Bxd5 25. Bxd5 Nxe5 26. Bxe5 dxe5 27. Qc2 Qc7 28.
Rxf5 Rxf5 29. Be4 Kh8 30. Bxf5 Nb7 31. Ne4 Nd6 32. Nxd6 Qxd6 33. Be4 Rf8 34.
Rf1 Rxf1+ 35. Kxf1 Bf6 36. Kg2 Bg5 37. Qe2 Qf8 38. a4 Be7 39. Qg4 Qg7 40. Qc8+
Bf8 41. Qf5 Be7 42. Kf3 Bg5 43. Bd5 Qf6 44. Qxf6+ Bxf6 45. Ke4 Kg7 46. Kf5 Bg5
47. Kxe5 Be3 48. Kd6 Bg1 49. Kc7 Bxh2 50. Kb7 Bxg3 51. Kxa7 Bc7 52. Kb7 Bd8 53.
Kc8 Bg5 54. Kc7 1-0

[Event "BL 1112 SG Turm Trier - USV TU Dresden"]
[Site "?"]
[Date "2012.02.25"]
[Round "10.4"]
[White "Haslinger, Stewart"]
[Black "Wegener, Dirk"]
[Result "1-0"]
[WhiteElo "2542"]
[BlackElo "2364"]
[PlyCount "65"]
[EventDate "2012.??.??"]

1. e4 e6 2. d4 d5 3. Nd2 c5 4. Ngf3 Nf6 5. exd5 exd5 6. Bb5+ Bd7 7. Bxd7+ Nbxd7
8. O-O Be7 9. dxc5 Nxc5 10. Nb3 O-O 11. Nxc5 Bxc5 12. Bg5 Rc8 13. c3 Rc6 14.
Ne5 Re6 15. Ng4 Be7 16. Ne3 Re5 17. Bxf6 Bxf6 18. Qb3 Qd7 19. Rad1 Rd8 20. Rd3
Qc6 21. Rfd1 Bg5 22. Rxd5 Rdxd5 23. Rxd5 Rxd5 24. Qxd5 Qxd5 25. Nxd5 f5 26. f4
Bh4 27. g3 Bd8 28. Kf2 Kf7 29. Ke3 Ke6 30. Kd4 g5 31. c4 gxf4 32. Nxf4+ Kf6 33.
b4 1-0

[Event "BL 1112 SG Turm Trier - USV TU Dresden"]
[Site "?"]
[Date "2012.02.25"]
[Round "10.5"]
[White "Hoffmann, Paul"]
[Black "Gordon, Stephen"]
[Result "1/2-1/2"]
[WhiteElo "2317"]
[BlackElo "2535"]
[PlyCount "110"]
[EventDate "2012.??.??"]

1. e4 c5 2. Nf3 d6 3. d4 cxd4 4. Nxd4 Nf6 5. f3 e5 6. Bb5+ Nbd7 7. Nf5 d5 8.
exd5 a6 9. Ba4 b5 10. Bb3 Nc5 11. Ne3 Bd6 12. Nc3 O-O 13. O-O Bd7 14. Ne2 Nh5
15. g4 Nf4 16. Ng3 g6 17. Ne4 Nxe4 18. fxe4 Qh4 19. Kh1 h5 20. gxh5 Nxh5 21.
Qf3 f5 22. Ng2 Qxe4 23. Qxe4 fxe4 24. Bh6 Rf5 25. Be3 Rf3 26. Rfe1 Kg7 27. a4
b4 28. c4 bxc3 29. bxc3 Nf4 30. Nxf4 exf4 31. Bd4+ Kf7 32. Rxe4 Rh3 33. Rf1 g5
34. Bd1 Bf5 35. Ree1 g4 36. Re6 Bxe6 37. dxe6+ Ke7 38. Bxg4 Rh4 39. h3 Rg8 40.
Kg2 Rhxg4+ 41. hxg4 Rxg4+ 42. Kf3 Rg3+ 43. Ke4 Kxe6 44. Rb1 Rg5 45. c4 Ra5 46.
c5 Bxc5 47. Bxc5 Rxc5 48. Rb6+ Kd7 49. Rxa6 Kc7 50. Kxf4 Kb7 51. Re6 Rc4+ 52.
Re4 Rxe4+ 53. Kxe4 Ka6 54. Kf5 Ka5 55. Kg6 Kxa4 1/2-1/2

[Event "BL 1112 SG Turm Trier - USV TU Dresden"]
[Site "?"]
[Date "2012.02.25"]
[Round "10.6"]
[White "Sanikidze, Tornike"]
[Black "Seifert, Volker"]
[Result "1-0"]
[WhiteElo "2530"]
[BlackElo "2319"]
[PlyCount "65"]
[EventDate "2012.??.??"]

1. d4 e6 2. c4 Nf6 3. Nf3 b6 4. a3 Ba6 5. Qb3 d5 6. cxd5 exd5 7. Bg5 Be7 8. Nc3
c6 9. Bxf6 Bxf6 10. e4 Bxf1 11. Rxf1 dxe4 12. Nxe4 O-O 13. O-O-O Nd7 14. Rfe1
Qc7 15. Kb1 Qf4 16. g3 Qf5 17. Ka2 a5 18. Nd6 Qh5 19. Re3 c5 20. Ne4 a4 21. Qb5
Qd5+ 22. Ka1 Ra5 23. Nxf6+ gxf6 24. Qe2 Qh5 25. g4 Qh6 26. Re7 Nb8 27. d5 b5
28. g5 fxg5 29. Rg1 Ra6 30. Qxb5 Rb6 31. Qxc5 Qf6 32. Re5 Nd7 33. Rexg5+ 1-0

[Event "BL 1112 SG Turm Trier - USV TU Dresden"]
[Site "?"]
[Date "2012.02.25"]
[Round "10.7"]
[White "Andresen, Steffen"]
[Black "Cioara, Andrei Nestor"]
[Result "0-1"]
[WhiteElo "2298"]
[BlackElo "2436"]
[PlyCount "58"]
[EventDate "2012.??.??"]

1. c4 e5 2. Nc3 Nf6 3. g3 d5 4. cxd5 Nxd5 5. Bg2 Nb6 6. Nf3 Nc6 7. O-O Be7 8.
d3 Be6 9. b3 O-O 10. Bb2 f5 11. Nd2 Qd7 12. Nc4 Bf6 13. Nxb6 axb6 14. Nb5 Nb4
15. Na3 Bd5 16. e4 Bc6 17. d4 exd4 18. Qd2 Na6 19. exf5 Bxg2 20. Kxg2 Qxf5 21.
f3 Rad8 22. Rad1 c5 23. Nc2 Nc7 24. Qd3 Qxd3 25. Rxd3 b5 26. Rdd1 Nd5 27. Ba1
d3 28. Rxd3 Nf4+ 29. gxf4 Rxd3 0-1

[Event "BL 1112 SG Turm Trier - USV TU Dresden"]
[Site "?"]
[Date "2012.02.25"]
[Round "10.8"]
[White "Kolbus, Dietmar"]
[Black "Salzmann, Peter"]
[Result "1-0"]
[WhiteElo "2325"]
[BlackElo "2202"]
[PlyCount "65"]
[EventDate "2012.??.??"]

1. c4 c6 2. Nf3 Nf6 3. g3 d5 4. Qc2 g6 5. Bg2 Bg7 6. O-O O-O 7. b3 Ne4 8. Bb2
Bxb2 9. Qxb2 Qd6 10. Nc3 Nxc3 11. Qxc3 Bg4 12. h3 Bxf3 13. Bxf3 d4 14. Qb2 Nd7
15. Bg2 Rad8 16. b4 Qe5 17. d3 f5 18. f4 Qf6 19. b5 e5 20. bxc6 bxc6 21. Qb7
exf4 22. gxf4 Qe6 23. Rf2 Nf6 24. Qxc6 Rd6 25. Qc5 Rf7 26. a4 Kg7 27. a5 {Qg8}
Qe5 {Rfd7} 28. Rb1 Re6 {Qc5 Qe8} 29. Bf3 {Qd8} Rb7 30. Rxb7+ {Bxb7} Kh6 31.
Qxa7 Nh5 32. Bd5 {Re3 Qxd4 Rxh3 a6 Rg3+ Rg2 Qa5 a7 Rh3 Kf2 Qd8 a8=Q Qh4+ Kf1
Rh1+ Rg1 Rxg1+ Qxg1} Qxf4 33. Bf3 1-0

[Event "BL 1112 OSG Baden Baden - SK König Tege"]
[Site "?"]
[Date "2012.02.25"]
[Round "10.4"]
[White "Nisipeanu, Liviu-Dieter"]
[Black "Muse, Mladen"]
[Result "1-0"]
[WhiteElo "2638"]
[BlackElo "2443"]
[PlyCount "69"]
[EventDate "2012.??.??"]

1. d4 Nf6 2. c4 d6 3. Nc3 Nbd7 4. e4 e5 5. Nf3 Be7 6. Be2 O-O 7. O-O h6 8. Qc2
c6 9. Rd1 Qc7 10. Be3 Ng4 11. Bd2 Re8 12. d5 Nf8 13. h3 Nf6 14. Be3 Bd7 15. b4
Rec8 16. Rac1 b6 17. Qd3 cxd5 18. exd5 Ne8 19. Nxe5 dxe5 20. c5 bxc5 21. bxc5
Bg5 22. Bxg5 hxg5 23. c6 Nd6 24. Nb5 Nxb5 25. cxd7 Qxd7 26. Rxc8 Qxc8 27. Qxb5
Qf5 28. d6 Rd8 29. Bg4 Qc2 30. Qxe5 Ne6 31. Qd5 Nc5 32. Bf5 Qc3 33. g3 Nd7 34.
Bxd7 Rxd7 35. Qxg5 1-0

[Event "BL 1112 OSG Baden Baden - SK König Tege"]
[Site "?"]
[Date "2012.02.25"]
[Round "10.5"]
[White "Von Herman, Ulf"]
[Black "Gustafsson, Jan"]
[Result "0-1"]
[WhiteElo "2419"]
[BlackElo "2631"]
[PlyCount "72"]
[EventDate "2012.??.??"]

1. d4 Nf6 2. c4 e6 3. Nf3 d5 4. Nc3 c6 5. Bg5 h6 6. Bxf6 Qxf6 7. g3 Nd7 8. Bg2
dxc4 9. O-O Be7 10. Ne4 Qf5 11. Nfd2 Nb6 12. Qc2 e5 13. Nxc4 Nxc4 14. Qxc4 Be6
15. Qc3 exd4 16. Qxd4 O-O 17. Nd6 Bxd6 18. Qxd6 Qb5 19. Bf3 Rfd8 20. Qf4 Qxb2
21. Rab1 Qxa2 22. Rxb7 a5 23. Bxc6 Qxe2 24. Bf3 Qc4 25. Qxc4 Bxc4 26. Rc1 Be6
27. Ra1 Ra6 28. Ra4 Rd2 29. Rb5 Ra2 30. Rd4 g6 31. Kg2 a4 32. Rbb4 a3 33. Bd5
Bxd5+ 34. Rxd5 Rc2 35. Rd1 a2 36. Ra1 Rf6 0-1

[Event "BL 1112 OSG Baden Baden - SK König Tege"]
[Site "?"]
[Date "2012.02.25"]
[Round "10.6"]
[White "Dautov, Rustem"]
[Black "Fruebing, Stefan"]
[Result "1-0"]
[WhiteElo "2603"]
[BlackElo "2373"]
[PlyCount "83"]
[EventDate "2012.??.??"]

1. d4 Nf6 2. c4 g6 3. g3 Bg7 4. Bg2 O-O 5. Nc3 d6 6. Nf3 Nc6 7. O-O a6 8. Qd3
Bd7 9. d5 Nb4 10. Qd1 a5 11. e4 Bg4 12. h3 Bxf3 13. Bxf3 Nd7 14. Be3 c6 15. Rc1
Rc8 16. Be2 cxd5 17. exd5 Nb6 18. Qb3 Nd7 19. Na4 Na6 20. Qd1 Ndc5 21. Nc3 a4
22. h4 Qa5 23. Bd4 a3 24. b3 Nd7 25. Bxg7 Kxg7 26. h5 Nf6 27. Qd2 Qc5 28. Bf3
Nb4 29. Rfe1 Rfe8 30. h6+ Kf8 31. Re2 b5 32. Ne4 Nxe4 33. Bxe4 e6 34. Bf3 exd5
35. Rxe8+ Kxe8 36. Re1+ Kd7 37. cxd5 Qc3 38. Qe2 Kc7 39. Qe7+ Kb8 40. Qxd6+ Ka8
41. Re3 Qd2 42. Qd7 1-0

[Event "BL 1112 OSG Baden Baden - SK König Tege"]
[Site "?"]
[Date "2012.02.25"]
[Round "10.7"]
[White "Sarbok, Torsten"]
[Black "Schlosser, Philipp"]
[Result "1/2-1/2"]
[WhiteElo "2349"]
[BlackElo "2591"]
[PlyCount "62"]
[EventDate "2012.??.??"]

1. e4 c5 2. Nf3 e6 3. d4 cxd4 4. Nxd4 a6 5. Bd3 Nf6 6. O-O d6 7. Qe2 g6 8. c4
Bg7 9. Nc3 O-O 10. Nf3 Nc6 11. Rd1 Qc7 12. Bf4 e5 13. Be3 Bg4 14. Nd5 Nxd5 15.
cxd5 Nd4 16. Bxd4 exd4 17. Rdc1 Qb6 18. Rc2 Rac8 19. Rac1 Rc5 20. h3 Bd7 21.
Qd2 Rfc8 22. Rxc5 Rxc5 23. Rxc5 Qxc5 24. Qg5 Qc7 25. Kh2 Ba4 26. Qd2 Bd7 27.
Qb4 b5 28. Qd2 a5 29. a3 Bf6 30. Be2 Kg7 31. Ne1 Qd8 1/2-1/2

[Event "BL 1112 OSG Baden Baden - SK König Tege"]
[Site "?"]
[Date "2012.02.25"]
[Round "10.8"]
[White "Heimann, Andreas"]
[Black "Kachibadze, Georg"]
[Result "1-0"]
[WhiteElo "2485"]
[BlackElo "2340"]
[PlyCount "93"]
[EventDate "2012.??.??"]

1. e4 c5 2. Nf3 d6 3. d4 cxd4 4. Nxd4 Nf6 5. Nc3 Nc6 6. Bg5 e6 7. Qd2 Qb6 8.
Nb3 Be7 9. Bxf6 gxf6 10. a4 a6 11. a5 Qc7 12. Na4 Bd7 13. Nb6 Rd8 14. Be2 h5
15. O-O h4 16. Qc3 Qb8 17. f4 Na7 18. Nd4 Nc8 19. Nxd7 Rxd7 20. Kh1 Qc7 21. Qf3
d5 22. e5 f5 23. c3 Na7 24. Qd3 Nc6 25. Nxc6 Qxc6 26. Bd1 Qc7 27. Ba4 Bc5 28.
b4 Ba7 29. b5 axb5 30. Qxb5 Ke7 31. Qxd7+ Qxd7 32. Bxd7 Kxd7 33. a6 b5 34. Rfb1
Kc6 35. Ra5 Rb8 36. Rb4 Be3 37. h3 Ra8 38. Rbxb5 Bxf4 39. c4 dxc4 40. Rc5+ Kb6
41. Rcb5+ Kc6 42. Rb4 Bg3 43. Rxc4+ Kb6 44. Ra1 Bxe5 45. Rb1+ Ka7 46. Rxh4 Rd8
47. Rh7 1-0

[Event "BL 1112 SC Remagen - Werder Bremen"]
[Site "?"]
[Date "2012.02.25"]
[Round "10.2"]
[White "Parligras, Mircea"]
[Black "Fressinet, Laurent"]
[Result "1/2-1/2"]
[WhiteElo "2625"]
[BlackElo "2696"]
[PlyCount "76"]
[EventDate "2012.??.??"]

1. d4 d5 2. c4 e6 3. Nc3 Bb4 4. Nf3 Nf6 5. Bg5 Nbd7 6. cxd5 exd5 7. e3 c5 8.
Bd3 Qa5 9. Qc2 c4 10. Bf5 O-O 11. O-O Re8 12. Nd2 g6 13. Bxd7 Nxd7 14. a3 Bxc3
15. Qxc3 Qxc3 16. bxc3 Nb6 17. f3 Na4 18. e4 Nxc3 19. exd5 b5 20. d6 Bd7 21.
Rfe1 f5 22. Kf2 Rxe1 23. Rxe1 Re8 24. Nf1 Rxe1 25. Kxe1 Kf7 26. Bd2 Nd5 27. Ne3
Nf4 28. d5 Nd3+ 29. Kd1 Ke8 30. Nc2 Bc8 31. Nb4 Nxb4 32. Bxb4 Bb7 33. Kd2 Bxd5
34. Ke3 Kd7 35. Kd4 Bc6 36. Ke5 a6 37. h4 Bb7 38. h5 gxh5 1/2-1/2

[Event "BL 1112 SC Remagen - Werder Bremen"]
[Site "?"]
[Date "2012.02.25"]
[Round "10.4"]
[White "Dgebuadze, Alexandre"]
[Black "Areshchenko, Alexander"]
[Result "1/2-1/2"]
[WhiteElo "2544"]
[BlackElo "2672"]
[PlyCount "146"]
[EventDate "2012.??.??"]

1. e4 c5 2. Nc3 d6 3. Nge2 Nf6 4. g3 g6 5. Bg2 Bg7 6. O-O Nc6 7. d3 Rb8 8. h3
O-O 9. Be3 Nd7 10. d4 b5 11. a3 a6 12. Kh2 cxd4 13. Nxd4 Bb7 14. Nxc6 Bxc6 15.
Bd4 Bxd4 16. Qxd4 Qb6 17. Qd2 a5 18. Rfe1 Rfc8 19. Nd5 Qd8 20. Rad1 Bxd5 21.
exd5 b4 22. axb4 axb4 23. Re3 Rb7 24. Rde1 Nf6 25. g4 Rc5 26. g5 Nh5 27. Bf3
Ng7 28. Bg4 Rbc7 29. R1e2 Ne8 30. Qe1 Kf8 31. Rf3 f5 32. gxf6 Nxf6 33. Qxb4 Kg7
34. Be6 Rxc2 35. Rxc2 Rxc2 36. Rc3 Rxc3 37. Qxc3 Qb6 38. Kg2 g5 39. b4 Kg6 40.
Qc4 Nh5 41. Qe4+ Kg7 42. h4 Nf6 43. Qc4 gxh4 44. Qxh4 Qb5 45. Qg5+ Kf8 46. Qh6+
Ke8 47. Qc1 Kf8 48. Qc8+ Qe8 49. Qc4 Qg6+ 50. Kf1 Qb1+ 51. Ke2 h5 52. b5 h4 53.
Qd3 Qb2+ 54. Kf3 Kg7 55. Qc4 Kg6 56. Qxh4 Qxb5 57. Qg3+ Kh6 58. Qf4+ Kg6 59.
Qf5+ Kh6 60. Bf7 Kg7 61. Qg6+ Kh8 62. Qh6+ Nh7 63. Qg6 Nf6 64. Qh6+ Nh7 65. Kg2
Qc4 66. Bg6 Qxd5+ 67. Kf1 Qd1+ 68. Kg2 Qd5+ 69. Kf1 Qb5+ 70. Ke1 Qe5+ 71. Kf1
Qa1+ 72. Ke2 Qg7 73. Qh5 Qe5+ 1/2-1/2

[Event "BL 1112 SC Remagen - Werder Bremen"]
[Site "?"]
[Date "2012.02.25"]
[Round "10.5"]
[White "Nyback, Tomi"]
[Black "Bok, Benjamin"]
[Result "1-0"]
[WhiteElo "2627"]
[BlackElo "2488"]
[PlyCount "75"]
[EventDate "2012.??.??"]

1. d4 Nf6 2. c4 g6 3. Nc3 d5 4. Qa4+ Bd7 5. Qb3 dxc4 6. Qxc4 a6 7. Bf4 Nc6 8.
Nf3 b5 9. Qb3 Bg7 10. e3 O-O 11. Be2 Na5 12. Qa3 c6 13. Ne5 Be8 14. O-O Nd5 15.
Nxd5 cxd5 16. Rfc1 Nc4 17. Nxc4 bxc4 18. b3 cxb3 19. Qxb3 f6 20. Bc7 Qd7 21.
Qb7 Bf7 22. Bxa6 e5 23. Bb5 Qg4 24. Bc6 exd4 25. Bxd5 Qd7 26. Bc6 Qe7 27. exd4
f5 28. Qb6 Rxa2 29. Rxa2 Bxa2 30. d5 Bh6 31. f4 Qe4 32. Qc5 Bxf4 33. Bxf4 Qxf4
34. d6 Qd2 35. d7 Be6 36. Bd5 Bxd5 37. Qxf8+ Kxf8 38. d8=Q+ 1-0